Tung shu : the ancient Chinese almanac

Bibliographic Details
Other Authors: Palmer, Martin
Format: Book
Published: Kuala Lumpur inpress Sdn Bhd , 1993
Subjects:

MARC

LEADER 00000cam a2200000 7i4500
001 0000005087
002 000005488
005 20000330.0
020 |a 9678101068 
090 0 0 |a 181.11   |b TUN 
245 1 0 |a Tung shu :   |b the ancient Chinese almanac   |c edited by Martin Palmar 
260 |a Kuala Lumpur inpress Sdn Bhd ,   |c 1993 
300 |a 240p. ;   |c 21. 
650 0 0 |a Calendar, Chinese 
650 0 0 |a Philosophy,Chinese 
700 1 |a Palmer, Martin 
999 |a 030945   |b BUKU   |c PINJAMAN   |e PERPUSTAKAAN KOMUNITI PETALING JAYA